Pravitel'stvennaja koncepcija ekonomičeskoj reformy: diskussija prodolžajetsja.

Úlohy vlády v období prípravy reformy. Odbúranie investičnej záťaže rozpočtu a makroekonomická vybilancovanosť. Kritika chýb vládnej ekonomickej koncepcie. Finančná pomoc Západu. Likvidácia nadbytočnej peňažnej masy. Údaje o inflácii v Rusku. Preťaženosť bánk a zložité postavenie centrálnej banky. C...

Ausführliche Beschreibung

Gespeichert in:
Bibliographische Detailangaben
1. Verfasser: Jevstignejev, V.P
Format: Buchkapitel
Sprache:Russisch
Schlagworte:
Tags: Tag hinzufügen
Keine Tags, Fügen Sie das erste Tag hinzu!

MARC

LEADER 00000naa a2200000 4500
001 r012323
005 20221208122621.4
041 0 |a rus 
044 |a RU 
245 1 0 |a Pravitel'stvennaja koncepcija ekonomičeskoj reformy: diskussija prodolžajetsja.  |c V.P. Jevstignejev 
520 |a Úlohy vlády v období prípravy reformy. Odbúranie investičnej záťaže rozpočtu a makroekonomická vybilancovanosť. Kritika chýb vládnej ekonomickej koncepcie. Finančná pomoc Západu. Likvidácia nadbytočnej peňažnej masy. Údaje o inflácii v Rusku. Preťaženosť bánk a zložité postavenie centrálnej banky. Cenová finančná politika ruskej vlády. Slabé miesta monetárnej šokovej terapie. Vonkajšie ekonomické vzťahy Ruska a ekonomická reforma. 
610 2 0 |a reformy hospodárske 
610 2 0 |a vláda 
610 2 0 |a politika finančná 
610 2 0 |a pomoc finančná 
610 2 0 |a inflácia 
610 2 0 |a banky 
610 2 0 |a Rusko 
610 2 0 |a koncepcie 
610 2 0 |a vzťahy hospodárske vonkajšie 
100 1 |a Jevstignejev, V.P.